00305nam a2200133Ia 4500008004100000020001800041041000800059082001200067100001700079245002400096260002900120300000800149650001400157180314s9999 xx 000 0 und d a9788122419702 aeng a615 KAR aKar,Ashutosh 0aMedicinal Chemistry aNew AgebNew Delhic2007 a933 achemistry